LEADER 03541oam 2200505 450 001 9910483796103321 005 20220512211331.0 010 $a3-030-55857-6 024 7 $a10.1007/978-3-030-55857-4 035 $a(CKB)4100000011610134 035 $a(MiAaPQ)EBC6404794 035 $a(DE-He213)978-3-030-55857-4 035 $a(PPN)252507819 035 $a(EXLCZ)994100000011610134 100 $a20210506h20202020 uy 0 101 0 $aeng 135 $aurnn#---mamaa 181 $ctxt$2rdacontent 182 $cc$2rdamedia 183 $acr$2rdacarrier 200 00$aDiscrete mathematics and applications /$fAndrei M. Raigorodskii, Michael Th. Rassias, editors 205 $a1st ed. 2020. 210 1$aCham, Switzerland :$cSpringer,$d[2020] 210 4$d©2020 215 $a1 online resource (xiii, 499 pages) $cillustrations 225 1 $aSpringer optimization and its applications,$x1931-6836 ; $v volume 165 311 $a3-030-55856-8 320 $aIncludes bibliographical references. 327 $aAutomatic sequences are also non-uniformly morphic (Allouche) -- Combinatorial Identities and Inequalities for Trigonometric Sums (Alzer) -- The number of partitions of a set and superelliptic Diophantine equations (Andrica) -- The exponent of a group: properties, computations and applications (Andrica) -- Hankel Tournaments and Special Oriented Graphs (Brualdi) -- The game chromatic number of a random hypergraph (Chakraborti) -- Perfect Hash Families: The Generalization to Higher Indices (Dougherty) -- A note on randomly colored matchings in random bipartite graphs (Funkhouser) -- Exponential variational integrators using constant or adaptive time step (Kostochka) -- A new embedding of the 3x + 1 dynamical system (Leventides) -- Diffusion on dynamical interbank loan networks (Leventides) -- The dynamics of interbank networks (Leventides) -- Prime avoidance property of k-th powers of prime numbers with Beatty sequences (Maier) -- A survey of hypergraph Ramsey problems (Mubayi) -- Factorization Method for Solving Multipoint Problems for Second Order Difference Equations with Polynomial Coefficients (Parasidis) -- New Construction Machines of Generating Fuzzy Implications (Rapti) -- Tree containment and degree conditions (Stein) -- Extremal singular graphs (Triantafillou). 330 $aAdvances in discrete mathematics are presented in this book with applications in theoretical mathematics and interdisciplinary research. Each chapter presents new methods and techniques by leading experts. Unifying interdisciplinary applications, problems, and approaches of discrete mathematics, this book connects topics in graph theory, combinatorics, number theory, cryptography, dynamical systems, finance, optimization, and game theory. Graduate students and researchers in optimization, mathematics, computer science, economics, and physics will find the wide range of interdisciplinary topics, methods, and applications covered in this book engaging and useful. 410 0$aSpringer Optimization and Its Applications ;$v165. 606 $aDiscrete mathematics 606 $aComputer science$xMathematics 615 0$aDiscrete mathematics. 615 0$aComputer science$xMathematics. 676 $a511.1 702 $aRaigorodskii$b Andrei 702 $aRassias$b Michael Th.$f1987- 801 0$bCaPaEBR 801 1$bCaPaEBR 801 2$bUtOrBLW 906 $aBOOK 912 $a9910483796103321 996 $aDiscrete mathematics and applications$91110744 997 $aUNINA LEADER 03781nam 2200625 450 001 9910813329603321 005 20230809230436.0 010 $a3-11-043714-7 010 $a3-11-044578-6 024 7 $a10.1515/9783110445787 035 $a(CKB)3850000000001002 035 $a(MiAaPQ)EBC4855885 035 $a(DE-B1597)457067 035 $a(OCoLC)987091787 035 $a(OCoLC)989821730 035 $a(DE-B1597)9783110445787 035 $a(Au-PeEL)EBL4855885 035 $a(CaPaEBR)ebr11382548 035 $a(EXLCZ)993850000000001002 100 $a20170525h20172017 uy 0 101 0 $ager 135 $aurcnu|||||||| 181 $2rdacontent 182 $2rdamedia 183 $2rdacarrier 200 10$aGrundlegung einer Librettologie $eMusik- und Lesetext am Beispiel der "Alceste"-Opern vom Barock bis zu C.M. Wieland /$fTina Hartmann 210 1$aBerlin, [Germany] ;$aBoston, [Massachusetts] :$cDe Gruyter,$d2017. 210 4$d©2017 215 $a1 online resource (654 pages) 225 1 $aQuellen und Forschungen zur Literatur- und Kulturgeschichte,$x0946-9419 ;$v86 (320) 311 $a3-11-044119-5 320 $aIncludes bibliographical references and index. 327 $tFrontmatter -- $tDanksagung -- $tInhaltsverzeichnis -- $tEinleitung -- $t1. Librettologie - Entwurf einer Methodik -- $t2. Oper - Operntext - Lesetext -- $t3. Alceste 1660-1719 -- $t4. Die Königin kehrt zurück - Christoph Martin Wieland und Anton Schweitzer Alceste (1773/1775) -- $t5. Das Libretto als Geschichts-Gedicht - Alceste zwischen linearem und zyklischem Geschichtsbild -- $t6. Epilog - Opern-Libretto, Leselibretto und Roman -- $t7. Glossar - Wielands Kontakte zu Oper und Musiktheorie bis ca. 1777 -- $t8. Literaturverzeichnis -- $t9. Abbildungsverzeichnis -- $t10. Register der Namen und Werke 330 $aDas Libretto ist die vielleicht letzte terra incognita der Literaturwissenschaft. Doch einmal vom Status einer randständigen Gattung entkleidet, offenbart es seine ästhetischen Qualitäten, intertextuellen Bezüge und weitreichende Bedeutung innerhalb der deutschen und europäischen Literatur und ihrer Debatten. Die ,Librettologie' präsentiert das Libretto als eigenständiges Kunstwerk und verdeutlicht zugleich seine Ausrichtung auf die transmediale Gattung Oper. Als Musik- und Lesetext schließt der ,Alceste'-Stoff mit sieben deutschen, französischen und italienischen Libretto-Bearbeitungen (u. a. von v. König, Quinault, Calzabigi/du Roullet) die großen Barockromane ,Aramena', ,Römische Octavia' und ,Asiatische Banise' mit der französischen ,Querelle' zusammen und leitet mit seinen Vertonungen (u. a. durch Schürmann, Lully, Gluck) hin auf eine ausführliche Analyse von C. M. Wieland und Anton Schweitzers ,Alceste', in der sich die Tendenzen des 17. und 18. Jahrhunderts exemplarisch bündeln lassen.Die Studie liefert eine ausführliche historische wie methodische Einführung, die sie als Einstieg für den musikologisch nicht vorgebildeten Leser nutzbar macht und zugleich an den aktuellen Stand der Forschung anschließt. 410 0$aQuellen und Forschungen zur Literatur- und Kulturgeschichte ;$v86 (320) 606 $aLibretto 606 $aMusic and literature 606 $aOpera$xDramaturgy 610 $aC. M. Wieland. 610 $aLibrettology. 610 $abaroque novel. 610 $abaroque opera. 615 0$aLibretto. 615 0$aMusic and literature. 615 0$aOpera$xDramaturgy. 676 $a782.1/0268 686 $aGH 1862$2rvk 700 $aHartmann$b Tina$01610933 801 0$bMiAaPQ 801 1$bMiAaPQ 801 2$bMiAaPQ 906 $aBOOK 912 $a9910813329603321 996 $aGrundlegung einer Librettologie$93938891 997 $aUNINA LEADER 02088nam0 2200469 i 450 001 IEI0112261 005 20251003044159.0 010 $a8815060871 020 $aIT$b98-3819 100 $a20221013d1997 ||||0itac50 ba 101 | $aita 102 $ait 181 1$6z01$ai $bxxxe 182 1$6z01$an 183 1$6z01$anc$2RDAcarrier 200 1 $aEra il secolo del lavoro$fAris Accornero 210 $aBologna$cIl mulino$d\1997! 215 $a208 p.$d21 cm. 225 | $aContemporanea$v98 410 0$1001CFI0006117$12001 $aContemporanea$v98 606 $aLavoro$xAspetti socio-culturali$xSec. 20.$2FIR$3LO1C282899$9I 676 $a306.3$9ISTITUZIONI ECONOMICHE$v12 676 $a306.3$9ISTITUZIONI ECONOMICHE$v19 676 $a306.36$9CULTURA E ISTITUZIONI. Sistemi di lavoro$v20 676 $a306.36$9SISTEMI DI LAVORO$v21 676 $a306.36$9SISTEMI DI LAVORO$v23 676 $a306.360904$9$v20 676 $a306.360904$9ISTITUZIONI ECONOMICHE. SISTEMI DI LAVORO. TRATTAMENTO STORICO, 1900-1999$v21 676 $a306.360904$9SISTEMI DI LAVORO. 1900-1999$v22 676 $a331$9ECONOMIA DEL LAVORO$v21 686 $aX31.0$cSVILUPPO ECONOMICO$2R 700 1$aAccornero$b, Aris$3CFIV012657$4070$0437517 801 3$aIT$bIT-000000$c20221013 850 $aIT-BN0095 $aIT-NA0666 901 $bNAP 01$cLT $n$ 901 $bNAP GV$cF. MODERNO$n$ 901 $bNAP 01$cPOZZO LIB.$nVi sono collocati fondi di economia, periodici di ingegneria e scienze, periodici di economia e statistica e altri fondi comprendenti documenti di economia pervenuti in dono. 912 $aIEI0112261 950 0$aBiblioteca Centralizzata di Ateneo$c1 v.$d 01LT (AR) 22 B 150$e 01AR 0700221505 VMA 1 v.$fB $h20140423$i20140423$c1 v.$d 01POZZO LIB.ECON MON 7064$e 0101 0700215335E VMA 1 v. (Precednte collocazione 21 EC 533)$fB $h20220728$i20220728 977 $a 01$a GV 996 $aEra il secolo del lavoro$963738 997 $aUNISANNIO LEADER 02262nam0 22004333i 450 001 UBO3828926 005 20251003044424.0 010 $a9780470637593 100 $a20111205d2010 ||||0itac50 ba 101 | $aeng 102 $aus 181 1$6z01$ai $bxxxe 182 1$6z01$an 200 1 $aPrinciples of linear algebra with Maple$fKenneth Shiskowski, Karl Frinkle 210 $aHoboken (N.J.)$cWiley$d2010 215 $aXIV, 596 p.$d25 cm. 225 | $aPure and applied mathematics$ea Wiley-Interscience series of texts, monographs, and tracts 410 0$1001MIL0004566$12001 $aPure and applied mathematics$ea Wiley-Interscience series of texts, monographs, and tracts 606 $aAlgebra lineare$xElaborazione elettronica$2FIR$3NAPC259136$9I 676 $a512.00285$9Algebra. Elaborazione dei dati. Applicazioni dell'elaboratore$v14 676 $a512.50285$9ALGEBRA LINEARE. Elaborazione dei dati. Applicazioni dell'elaboratore$v22 696 $aElaborazione di dati$aElaborazione dati$aElaborazione dei dati$aElectronic data processing$aData processing$aTrattamento elettronico dei dati$aElaborazione elettronica dei dati 699 $aElaborazione elettronica$yElaborazione di dati 699 $aElaborazione elettronica$zElaborazione dati 699 $aElaborazione elettronica$yElaborazione dei dati 699 $aElaborazione elettronica$yElectronic data processing 699 $aElaborazione elettronica$yData processing 699 $aElaborazione elettronica$yTrattamento elettronico dei dati 699 $aElaborazione elettronica$yElaborazione elettronica dei dati 700 1$aShiskowski$b, Kenneth$f <1954- >$3UBOV381209$0447983 701 1$aFrinkle$b, Karl$f <1977- >$3UBOV381210$0447984 801 3$aIT$bIT-000000$c20111205 850 $aIT-BN0095 901 $bNAP 01$cTEDASS $nex Centro interdipartimentale sulle alte tecnologie per la diagnostica ambientale e lo sviluppo sostenibile 912 $aUBO3828926 950 0$aBiblioteca Centralizzata di Ateneo$c1 v.$d 01TEDASS 512.00285 SHI.pr$e 0102 0000090515 VMA A4 1 v.$fY $h20111104$i20111205 977 $a 01 996 $aPrinciples of linear algebra with Maple$9103188 997 $aUNISANNIO